| 000 | 01362nam a2200361Ia 4500 | ||
|---|---|---|---|
| 001 | dia_1070 | ||
| 003 | CHAP | ||
| 005 | 20230123100814.0 | ||
| 008 | 220117s1982 xx 000 0 und d | ||
| 010 | _a171617 | ||
| 040 | _cCHAP | ||
| 082 | _a338.763 M45 1982 | ||
| 110 |
_aMéxico. Secretaría de Agricultura y Recursos Hidraúlicos _976864 |
||
| 245 |
_aEl desarrollo agroindustrial y los sistemas alimentarios básicos / _c SARH. Coordinación General de Desarrollo Agroindustrial |
||
| 260 |
_aMéxico : _b Coordinación General de Desarrollo Agroindustrial, _c1982 |
||
| 300 | _av. | ||
| 410 | _aDOCUMENTOS TECNICOS PARA EL DESARROLO AGROINDUSTRIAL. | ||
| 440 |
_aDocumentos Técnicos para el Desarrollo Agroindustrial _933294 |
||
| 500 | _aEl v. 10 es material fotocopiado | ||
| 503 | _aD. | ||
| 504 | _aIncluye bibliografías | ||
| 505 | _av.10. Oleaginosas \ v.28. Especies | ||
| 590 | _aHD9010 M45 1982 | ||
| 650 |
_aAgricultural industries Mexico _9149942 |
||
| 650 |
_aFood systems _9149943 |
||
| 650 |
_aIndustrias agrícolas _xMéxico _957957 |
||
| 650 |
_aSistemas alimentarios _9149944 |
||
| 710 |
_aSecretaría de Agricultura y Recursos Hidraúlicos (México) _9149945 |
||
| 901 | _a338.763 M45 1982 | ||
| 902 | _aM | ||
| 905 | _a5222271982 MX an 8223223322SPA16 | ||
| 942 |
_cLIBRO _2ddc |
||
| 999 |
_c171617 _d171617 |
||